[Event "VIE-ch U20"]
[Site "Ho Chi Minh City"]
[Date "2022.07.12"]
[Round "3"]
[White "Huynh, Quoc An"]
[Black "Nguyen, Lam Thien"]
[Result "0-1"]
[WhiteElo "2245"]
[BlackElo "2262"]
[PlyCount "46"]
[EventDate "2022.07.11"]
[EventType "swiss"]
[EventRounds "9"]
[EventCountry "VIE"]
[SourceTitle "EXT 2023"]
[Source "ChessBase"]
[SourceDate "2022.10.05"]
[SourceVersion "1"]
[SourceVersionDate "2022.10.05"]
[SourceQuality "1"]

1. e4 e5 2. Nf3 Nc6 3. Bb5 a6 4. Ba4 Nf6 5. 0-0 Bc5 6. c3 b5 7. Bc2 d6 8. h3 Bb7 9. Re1 0-0 10. d4 Bb6 11. Bg5 h6 12. Bh4 g5 13. dxe5 dxe5 14. Qxd8 Raxd8 15. Bg3 Rfe8 16. Nbd2 Nh5 17. Kh2 Nf4 18. a4 f6 19. axb5 axb5 20. Bxf4 exf4 21. Re2 h5 22. Rae1 g4 23. Nh4 Bxf2 0-1

[Event "VIE-ch U20"]
[Site "Hanoi"]
[Date "2022.06.11"]
[Round "1"]
[White "Bui, Duc Huy"]
[Black "Nguyen, Lam Thien"]
[Result "1/2-1/2"]
[WhiteElo "2271"]
[BlackElo "2258"]
[PlyCount "57"]
[EventDate "2022.06.11"]
[EventType "swiss"]
[EventRounds "9"]
[EventCountry "VIE"]
[SourceTitle "EXT 2023"]
[Source "ChessBase"]
[SourceDate "2022.10.05"]
[SourceVersion "1"]
[SourceVersionDate "2022.10.05"]
[SourceQuality "1"]

1. b3 e5 2. Bb2 Nc6 3. e3 Nf6 4. Bb5 Bd6 5. Na3 e4 6. Ne2 0-0 7. Nc4 Be7 8. Bxc6 bxc6 9. Ng3 Re8 10. 0-0 Bf8 11. f3 d5 12. Ne5 Qd6 13. Ng4 Nxg4 14. fxg4 Be6 15. Nh5 f6 16. Qe2 c5 17. Rf4 d4 18. Qf2 Qd7 19. h3 Bf7 20. exd4 Rad8 21. Re1 Bg6 22. d5 Bxh5 23. gxh5 Qxd5 24. h6 Qxd2 25. hxg7 Qxf2+ 26. Kxf2 Bxg7 27. Bxf6 Rf8 28. Bxd8 Rxf4+ 29. Ke2 1/2-1/2

[Event "World Cup U18 Prel"]
[Site "Tornelo INT"]
[Date "2021.08.20"]
[Round "10"]
[White "Marn, Jan"]
[Black "Nguyen, Lam Thien"]
[Result "1-0"]
[WhiteElo "2292"]
[BlackElo "2116"]
[PlyCount "99"]
[EventDate "2021.08.16"]
[EventType "swiss (rapid)"]
[EventRounds "10"]
[EventCountry "NET"]
[SourceTitle "CBM 203 Extra"]
[Source "ChessBase"]
[SourceDate "2021.09.30"]
[SourceVersion "1"]
[SourceVersionDate "2021.09.30"]
[SourceQuality "1"]

1. Nf3 d5 2. g3 Bg4 3. Bg2 c6 4. 0-0 Nd7 5. c4 Bxf3 6. Bxf3 Ne5 7. Qb3 Nxf3+ 8. exf3 Qd7 9. cxd5 cxd5 10. Nc3 e6 11. d3 Nf6 12. Bf4 Be7 13. Nb5 0-0 14. Rac1 a6 15. Nc7 Rac8 16. Qxb7 Nh5 17. Be5 f6 18. Bd4 Bd6 19. Bb6 Qf7 20. Rc6 Rb8 21. Qxa6 Be5 22. d4 Bxc7 23. Rxc7 Qg6 24. Rfc1 e5 25. Rc8 Rbxc8 26. Rxc8 Qb1+ 27. Kg2 Nf4+ 28. gxf4 Qg6+ 29. Kf1 Qb1+ 30. Ke2 Qxb2+ 31. Kd1 Qb1+ 32. Rc1 Qf5 33. Bc5 Re8 34. Qc6 Qd3+ 35. Ke1 Qg6 36. Qxd5+ Kh8 37. dxe5 fxe5 38. fxe5 Qg1+ 39. Kd2 Qg5+ 40. Be3 Qe7 41. Qd6 Rd8 42. Ke1 Rxd6 43. exd6 Qd8 44. Rd1 Qd7 45. a4 Kg8 46. a5 Kf7 47. a6 Ke8 48. a7 Qc6 49. d7+ Kd8 50. Bg5+ 1-0

[Event "World Cup U18 Prel"]
[Site "Tornelo INT"]
[Date "2021.08.19"]
[Round "7"]
[White "Grutter, Tim"]
[Black "Nguyen, Lam Thien"]
[Result "1-0"]
[WhiteElo "2253"]
[BlackElo "2116"]
[PlyCount "91"]
[EventDate "2021.08.16"]
[EventType "swiss (rapid)"]
[EventRounds "10"]
[EventCountry "NET"]
[SourceTitle "CBM 203 Extra"]
[Source "ChessBase"]
[SourceDate "2021.09.30"]
[SourceVersion "1"]
[SourceVersionDate "2021.09.30"]
[SourceQuality "1"]

1. e4 c5 2. Nf3 Nc6 3. Nc3 g6 4. Bb5 Bg7 5. 0-0 Nf6 6. e5 Ng4 7. Bxc6 dxc6 8. Re1 0-0 9. h3 Nh6 10. d3 Nf5 11. a4 a5 12. Ne4 b6 13. Bf4 Be6 14. Qd2 Re8 15. c3 Bh8 16. g4 Ng7 17. Nfg5 Qd7 18. Qe3 Rad8 19. Nxe6 Nxe6 20. Rad1 Qd5 21. Ng5 Bg7 22. Nxe6 Qxe6 23. Qe4 Rd5 24. Bg3 Red8 25. f4 Qd7 26. Re3 e6 27. Bh4 Rb8 28. Rf1 b5 29. Rf2 bxa4 30. Bg3 a3 31. bxa3 Rb1+ 32. Kg2 Rb3 33. Qc4 Qb7 34. f5 Rxa3 35. Ref3 Qb3 36. fxe6 fxe6 37. Qa6 Rd8 38. Qa7 Qd5 39. Bh4 Qd7 40. Qxc5 Ra1 41. Bxd8 Qxd8 42. Qxc6 h5 43. Qxe6+ Kh7 44. gxh5 Qg5+ 45. Qg4 Qc1 46. Qxg6+ 1-0

[Event "World Cup U18 Prel"]
[Site "Tornelo INT"]
[Date "2021.08.16"]
[Round "2"]
[White "Nguyen, Lam Thien"]
[Black "Tzidkiya, Yeshaayahu"]
[Result "0-1"]
[WhiteElo "2116"]
[BlackElo "2387"]
[PlyCount "92"]
[EventDate "2021.08.16"]
[EventType "swiss (rapid)"]
[EventRounds "10"]
[EventCountry "NET"]
[SourceTitle "CBM 203 Extra"]
[Source "ChessBase"]
[SourceDate "2021.09.30"]
[SourceVersion "1"]
[SourceVersionDate "2021.09.30"]
[SourceQuality "1"]

1. d4 Nf6 2. Nf3 g6 3. c4 Bg7 4. g3 0-0 5. Bg2 d6 6. 0-0 Nbd7 7. Nc3 e5 8. e4 Re8 9. Re1 exd4 10. Nxd4 Nc5 11. h3 a5 12. Bf4 Nfd7 13. Bf1 a4 14. Qd2 Ne5 15. Rad1 Ne6 16. Bxe5 Bxe5 17. Ndb5 c6 18. Nxd6 Nd4 19. Bg2 Qxd6 20. f4 Qc5 21. Kh2 Bg7 22. e5 Ne6 23. Ne4 Qe7 24. Qf2 a3 25. b3 h5 26. f5 Bxe5 27. fxe6 Bxe6 28. Nc5 Bf5 29. Kh1 Bxg3 30. Qxg3 Qxc5 31. Rf1 Re2 32. b4 Qe5 33. Qxe5 Rxe5 34. Rde1 Rae8 35. Rxe5 Rxe5 36. Rf3 Re1+ 37. Kh2 Re2 38. Rxa3 Be4 39. Rg3 Rxa2 40. Kg1 Rxg2+ 41. Rxg2 Bxg2 42. Kxg2 f5 43. h4 Kf7 44. Kf3 Ke6 45. Kf4 b5 46. c5 Kf6 0-1

[Event "VIE-ch"]
[Site "Ho Chi Minh City"]
[Date "2021.03.25"]
[Round "3"]
[White "Nguyen, Lam Thien"]
[Black "Dinh, Nho Kiet"]
[Result "1-0"]
[WhiteElo "2081"]
[BlackElo "1699"]
[PlyCount "77"]
[EventDate "2021.03.24"]
[EventType "swiss"]
[EventRounds "9"]
[EventCountry "VIE"]
[SourceTitle "EXT 2022"]
[Source "ChessBase"]
[SourceDate "2021.10.06"]
[SourceVersion "1"]
[SourceVersionDate "2021.10.06"]
[SourceQuality "1"]

1. e4 c6 2. d4 d5 3. Nd2 dxe4 4. Nxe4 Bf5 5. Ng3 Bg6 6. Nf3 Nd7 7. h4 h6 8. Bd3 Bxd3 9. Qxd3 e6 10. Bf4 Qa5+ 11. c3 Ngf6 12. a4 Be7 13. 0-0 0-0 14. b4 Qd8 15. h5 Nd5 16. Bd2 Qc7 17. Rab1 Rfd8 18. c4 N5f6 19. c5 a5 20. bxa5 Nxc5 21. Qe2 Nxa4 22. Qc4 b5 23. Rxb5 cxb5 24. Qxc7 Nd5 25. Qc6 Rab8 26. Rc1 Ba3 27. Ra1 Bb2 28. Rxa4 bxa4 29. Qxa4 Rdc8 30. Ne4 Bc1 31. Be1 Bf4 32. g3 Bc7 33. Bd2 Ra8 34. Ne5 Ra7 35. Qd7 Rf8 36. Nc6 Raa8 37. Kg2 Ra6 38. Nc5 Raa8 39. Nxe6 1-0

[Event "VIE Cup"]
[Site "Hanoi"]
[Date "2021.??.??"]
[Round "5"]
[White "Nguyen, Ngoc Truong Son"]
[Black "Nguyen, Lam Thien"]
[Result "1/2-1/2"]
[WhiteElo "2641"]
[BlackElo "2116"]
[PlyCount "20"]
[EventDate "2021.05.03"]
[EventType "swiss"]
[EventRounds "9"]
[EventCountry "VIE"]
[SourceTitle "EXT 2022"]
[Source "ChessBase"]
[SourceDate "2021.10.06"]
[SourceVersion "1"]
[SourceVersionDate "2021.10.06"]
[SourceQuality "1"]

1. d4 d5 2. c4 e6 3. Nf3 Nf6 4. Nc3 Be7 5. Bf4 0-0 6. e3 b6 7. Bd3 Bb7 8. 0-0 c5 9. cxd5 exd5 10. Ne5 Nbd7 1/2-1/2

[Event "VIE-chT"]
[Site "Bac Giang"]
[Date "2020.06.11"]
[Round "9.6"]
[White "Nguyen, Lam Thien"]
[Black "Nguyen, Van Huy"]
[Result "0-1"]
[WhiteElo "1981"]
[BlackElo "2444"]
[PlyCount "94"]
[EventDate "2020.06.06"]
[EventType "swiss"]
[EventRounds "9"]
[EventCountry "VIE"]
[SourceTitle "CBM 197 Extra"]
[Source "ChessBase"]
[SourceDate "2020.09.30"]
[SourceVersion "1"]
[SourceVersionDate "2020.09.30"]
[SourceQuality "1"]

1. Nf3 Nf6 2. g3 d5 3. Bg2 c6 4. 0-0 Bg4 5. d3 Nbd7 6. Qe1 e5 7. e4 dxe4 8. dxe4 Bc5 9. a4 a5 10. Na3 0-0 11. h3 Bh5 12. Nc4 Qc7 13. Kh2 Rfe8 14. Nh4 Bb4 15. Bd2 Bxd2 16. Qxd2 Nc5 17. f3 Nfd7 18. Qe3 b5 19. axb5 cxb5 20. Nd2 Ne6 21. Rfc1 Red8 22. Bf1 Qb6 23. Ng2 f6 24. Ra3 Qxe3 25. Nxe3 Nb6 26. Rd1 Be8 27. c3 g6 28. Kg2 Rd6 29. Kf2 Rad8 30. Ke1 a4 31. Raa1 Nc5 32. Rab1 Kf7 33. Nc2 f5 34. Na3 Nd3+ 35. Bxd3 Rxd3 36. Nc2 Bc6 37. Nb4 R3d6 38. Nxc6 Rxc6 39. Ke2 a3 40. Rdc1 Na4 41. bxa3 Nxc3+ 42. Rxc3 Rxc3 43. Rxb5 Rc2 44. Rd5 Rxd5 45. exd5 Ra2 46. g4 Kf6 47. h4 h6 0-1

[Event "VIE-chT"]
[Site "Bac Giang"]
[Date "2020.06.08"]
[Round "4.16"]
[White "Nguyen, Vuong Tung Lam"]
[Black "Nguyen, Lam Thien"]
[Result "0-1"]
[WhiteElo "1528"]
[BlackElo "1981"]
[PlyCount "108"]
[EventDate "2020.06.06"]
[EventType "swiss"]
[EventRounds "9"]
[EventCountry "VIE"]
[SourceTitle "CBM 197 Extra"]
[Source "ChessBase"]
[SourceDate "2020.09.30"]
[SourceVersion "1"]
[SourceVersionDate "2020.09.30"]
[SourceQuality "1"]

1. d4 Nf6 2. Nf3 d5 3. g3 Bf5 4. Bg2 e6 5. 0-0 Be7 6. c4 c6 7. b3 0-0 8. Nc3 Ne4 9. Bb2 Nd7 10. Nd2 Nxd2 11. Qxd2 dxc4 12. e4 Bg6 13. bxc4 Nb6 14. Qd3 e5 15. d5 Bc5 16. Ne2 Qe7 17. Qb3 h5 18. Rac1 Nd7 19. Qd3 Rad8 20. Nc3 Bd4 21. Qe2 h4 22. Kh1 Nf6 23. Ba1 Qd7 24. h3 Nh5 25. Kh2 Bxf2 26. g4 Bg3+ 27. Kh1 Nf4 28. Qf3 Qe7 29. Ne2 Nxe2 30. Qxe2 Qc5 31. Rfd1 Rd6 32. Bc3 Rf6 33. Bf3 Rxf3 34. Qxf3 Qxc4 35. Bd4 Qa4 36. Kg1 exd4 37. Qb3 Qxb3 38. axb3 Bxe4 39. dxc6 Bxc6 40. Rxd4 Re8 41. Kf1 Bb5+ 42. Kg2 Re2+ 43. Kf3 Rf2+ 44. Ke3 Rh2 45. Rc8+ Kh7 46. Ke4 Bc6+ 47. Kd3 Be5 48. Rdd8 Rxh3+ 49. Kc4 a5 50. Kc5 Rxb3 51. Rh8+ Kg6 52. Rcg8 Be4 53. Re8 b6+ 54. Kc4 Rb4# 0-1

[Event "VIE-ch U17"]
[Site "Hanoi"]
[Date "2020.??.??"]
[Round "4"]
[White "Nguyen, Huynh Minh Thien"]
[Black "Nguyen, Lam Thien"]
[Result "1/2-1/2"]
[WhiteElo "2040"]
[BlackElo "1981"]
[PlyCount "206"]
[EventDate "2020.10.22"]
[EventType "tourn"]
[EventRounds "9"]
[EventCountry "VIE"]
[SourceTitle "EXT 2022"]
[Source "ChessBase"]
[SourceDate "2021.10.06"]
[SourceVersion "1"]
[SourceVersionDate "2021.10.06"]
[SourceQuality "1"]

1. Nf3 d5 2. g3 Nf6 3. Bg2 e6 4. d4 Be7 5. c4 dxc4 6. Qa4+ Nbd7 7. Qxc4 a6 8. Qc2 Ra7 9. a4 b6 10. Nc3 Bb7 11. Bf4 0-0 12. 0-0 c5 13. dxc5 bxc5 14. Rfd1 Qa8 15. a5 Nd5 16. Nxd5 Bxd5 17. Ng5 Bxg5 18. Bxd5 exd5 19. Bxg5 Re8 20. Rac1 h6 21. Bf4 Re6 22. h4 c4 23. b3 cxb3 24. Qxb3 Nf6 25. Rb1 Rxe2 26. Qf3 Re8 27. Bxh6 Rb7 28. Be3 Ne4 29. Rb6 Rbe7 30. Bd4 Qc8 31. Kh2 Rc7 32. Be3 Nc3 33. Rc1 Rc4 34. Bf4 Ne2 35. Rxc4 Qxc4 36. Rd6 d4 37. h5 Qb5 38. h6 Qf5 39. hxg7 Re6 40. Rd8+ Kxg7 41. Kg2 Nxf4+ 42. Qxf4 Qxf4 43. gxf4 Rf6 44. Rxd4 Rf5 45. Ra4 Kg6 46. Kf3 Rb5 47. Ke4 Kf6 48. Ra1 Rb4+ 49. Kd5 Kf5 50. Kc5 Rb5+ 51. Kd4 Kxf4 52. Ra3 f5 53. Kc4 Ke5 54. Re3+ Kf6 55. Ra3 f4 56. Kd4 Kf5 57. f3 Re5 58. Kc4 Kg5 59. Kd4 Rb5 60. Ke4 Rc5 61. Ra1 Rb5 62. Rg1+ Kf6 63. Kxf4 Rxa5 64. Rg8 Ra4+ 65. Kg3 a5 66. Ra8 Kg6 67. Ra6+ Kf5 68. Rb6 Rb4 69. Ra6 Rb5 70. Ra8 Kg6 71. Kg4 Rg5+ 72. Kf4 Rf5+ 73. Ke4 Rb5 74. Ra6+ Kf7 75. f4 Rc5 76. Kf3 Kg7 77. Kg4 Rc7 78. Rxa5 Rc6 79. Kg5 Rg6+ 80. Kf5 Rf6+ 81. Ke5 Kg6 82. Ra8 Rf5+ 83. Ke4 Rb5 84. Ra6+ Kg7 85. Kf3 Rf5 86. Kg4 Rf6 87. Ra7+ Kg6 88. Re7 Ra6 89. Re5 Rb6 90. Rg5+ Kf6 91. Rh5 Rb4 92. Rh6+ Kg7 93. Rd6 Ra4 94. Kg5 Ra5+ 95. f5 Ra7 96. Rb6 Rc7 97. Rg6+ Kf7 98. Rh6 Rc5 99. Rh7+ Kg8 100. Re7 Kf8 101. Re6 Kf7 102. Ra6 Rc7 103. Kh6 Rc1 1/2-1/2

[Event "VIE-chT"]
[Site "Ho Chi Minh City"]
[Date "2019.09.29"]
[Round "6.20"]
[White "Nguyen, Lam Thien"]
[Black "Le, Trong Bac"]
[Result "1-0"]
[WhiteElo "1976"]
[BlackElo "1913"]
[PlyCount "97"]
[EventDate "2019.09.26"]
[EventType "team-swiss"]
[EventRounds "9"]
[EventCountry "VIE"]
[SourceTitle "EXT 2020"]
[Source "ChessBase"]
[SourceDate "2019.10.17"]
[SourceVersion "1"]
[SourceVersionDate "2019.10.17"]
[SourceQuality "1"]

1. e4 c5 2. Nc3 d6 3. g3 g6 4. Bg2 Bg7 5. Nge2 Nf6 6. 0-0 0-0 7. d3 Nc6 8. h3 Bd7 9. Be3 Rb8 10. a4 a6 11. Qd2 b5 12. axb5 axb5 13. f4 Ne8 14. f5 b4 15. Nd1 Nd4 16. g4 Nxe2+ 17. Qxe2 Nc7 18. Qd2 Bc6 19. Bh6 Bd4+ 20. Kh1 Re8 21. c3 bxc3 22. bxc3 Bg7 23. Bxg7 Kxg7 24. c4 Rb3 25. Ne3 g5 26. Rf2 f6 27. Nf1 Qb8 28. Ng3 Rb1+ 29. Rxb1 Qxb1+ 30. Rf1 Qb3 31. Nh5+ Kf7 32. h4 h6 33. Kh2 Ra8 34. Rf2 Ra3 35. Bf1 Na6 36. hxg5 hxg5 37. Qb2 Qxb2 38. Rxb2 Nb4 39. Rd2 Ba4 40. Ng3 Bc2 41. d4 cxd4 42. Rxd4 Re3 43. c5 dxc5 44. Bc4+ Ke8 45. Bb5+ Kf7 46. Bc4+ Ke8 47. Bb5+ Kf7 48. Rd8 Bb3 49. Be8+ 1-0

[Event "VIE-chT"]
[Site "Ho Chi Minh City"]
[Date "2019.09.26"]
[Round "1.31"]
[White "Le, Minh Kha"]
[Black "Nguyen, Lam Thien"]
[Result "0-1"]
[WhiteElo "1905"]
[BlackElo "1976"]
[PlyCount "50"]
[EventDate "2019.09.26"]
[EventType "team-swiss"]
[EventRounds "9"]
[EventCountry "VIE"]
[SourceTitle "EXT 2020"]
[Source "ChessBase"]
[SourceDate "2019.10.17"]
[SourceVersion "1"]
[SourceVersionDate "2019.10.17"]
[SourceQuality "1"]

1. e4 g6 2. Nf3 Bg7 3. d4 d6 4. c4 Nf6 5. Nc3 0-0 6. Be2 Bg4 7. Be3 Nfd7 8. 0-0 Nc6 9. Rc1 e5 10. d5 Bxf3 11. Bxf3 Nd4 12. Bxd4 exd4 13. Nb5 a6 14. Nxd4 Qf6 15. Ne2 Qxb2 16. Rc2 Qa3 17. Qd2 Rfe8 18. Rb1 Nc5 19. Ng3 Re7 20. h3 Rae8 21. Re1 Re5 22. Re2 Qa4 23. Qe1 h5 24. Nf1 f5 25. exf5 Qxc2 0-1